Music Quiz

Random Music or The Beatles Quiz
Score 0/52 Timer 10:00
1 Play Today
% Correct
Sgt. Pepper's Lonely Hearts Club Band
73.9%
The White Album
70.1%
Sgt. Pepper's Lonely Hearts Club Band
69.8%
The White Album
65.1%
Abbey Road
63.9%
Abbey Road
63%
The White Album
62.4%
Sgt. Pepper's Lonely Hearts Club Band
61.6%
Magical Mystery Tour
61.5%
Magical Mystery Tour
61.4%
Rubber Soul
61.2%
Revolver
59.6%
Abbey Road
58.7%
Sgt. Pepper's Lonely Hearts Club Band
58.2%
Please Please Me
58.2%
Let it Be
57.9%
The White Album
57.8%
Abbey Road
57.7%
Let it Be
54.7%
Rubber Soul
53.7%
Magical Mystery Tour
52.3%
Let it Be
51.5%
Help!
51.4%
Rubber Soul
51.1%
Rubber Soul
50.4%
Magical Mystery Tour
50.2%
% Correct
Please Please Me
49.9%
Let it Be
49.6%
Revolver
48.4%
Revolver
48.2%
Yellow Submarine
47.6%
Beatles For Sale
46.7%
A Hard Day's Night
44.6%
Help!
44.4%
Please Please Me
43.3%
Help!
42.7%
Yellow Submarine
41.4%
A Hard Day's Night
41.3%
Revolver
40.4%
With the Beatles
40.4%
Please Please Me
39.7%
Beatles For Sale
39%
Beatles For Sale
36.6%
A Hard Day's Night
35.5%
With the Beatles
35.4%
Yellow Submarine
34.8%
Yellow Submarine
33.6%
With the Beatles
33.4%
Help!
31.4%
Beatles For Sale
28.4%
With the Beatles
28.3%
A Hard Day's Night
27.5%
Remove Ads.
Support Sporcle.
Get the best of Sporcle when you Go Orange. This ad-free experience offers more features, more stats, and more fun while also helping to support Sporcle. Thank you for becoming a member.

You're not logged in!

Compare scores with friends on all Sporcle quizzes.
OR
Log In

Sporcle TV

Today on Sporcle TV


Watch our educational content, quiz creation guides, and fun videos on Sporcle TV.

Show Comments

Extras

Top Quizzes Today


Score Distribution

Paid Content

Your Account Isn't Verified!

In order to create a playlist on Sporcle, you need to verify the email address you used during registration. Go to your Sporcle Settings to finish the process.

Report this User

Report this user for behavior that violates our Community Guidelines.

Details: